<?xml version="1.0" encoding="UTF-8"?>
<record
    xmlns:xsi="http://www.w3.org/2001/XMLSchema-instance"
    xsi:schemaLocation="http://www.loc.gov/MARC21/slim http://www.loc.gov/standards/marcxml/schema/MARC21slim.xsd"
    xmlns="http://www.loc.gov/MARC21/slim">

  <leader>00714nab a2200217 uc4500</leader>
  <controlfield tag="001">670208</controlfield>
  <controlfield tag="005">20240201163424.0</controlfield>
  <controlfield tag="008">010612e20010501                    spa  </controlfield>
  <datafield tag="035" ind1=" " ind2=" ">
    <subfield code="a">670208</subfield>
  </datafield>
  <datafield tag="035" ind1=" " ind2=" ">
    <subfield code="a">(OCoLC)819909515</subfield>
  </datafield>
  <datafield tag="040" ind1=" " ind2=" ">
    <subfield code="c">comduadb</subfield>
  </datafield>
  <datafield tag="041" ind1=" " ind2=" ">
    <subfield code="a">spa</subfield>
  </datafield>
  <datafield tag="100" ind1="1" ind2="0">
    <subfield code="a">Baltazar, Henry</subfield>
    <subfield code="4">aut</subfield>
    <subfield code="e">aut</subfield>
    <subfield code="9">339170</subfield>
  </datafield>
  <datafield tag="245" ind1="1" ind2="0">
    <subfield code="a">Cuando las luces parpadean</subfield>
  </datafield>
  <datafield tag="650" ind1=" " ind2=" ">
    <subfield code="a">Comercio electr&#xF3;nico - Colombia</subfield>
    <subfield code="9">73190</subfield>
  </datafield>
  <datafield tag="650" ind1=" " ind2="7">
    <subfield code="a">Comercio electr&#xF3;nico</subfield>
    <subfield code="2">lemb</subfield>
    <subfield code="9">29566</subfield>
  </datafield>
  <datafield tag="650" ind1=" " ind2=" ">
    <subfield code="a">Transacciones electr&#xF3;nicas</subfield>
    <subfield code="9">71087</subfield>
  </datafield>
  <datafield tag="650" ind1=" " ind2=" ">
    <subfield code="a">Outsourcing</subfield>
    <subfield code="9">18061</subfield>
  </datafield>
  <datafield tag="773" ind1="0" ind2=" ">
    <subfield code="t">IT Manager : Gerencia Estrat&#xE9;gica de Tecnolog&#xED;a (Bogot&#xE1;)</subfield>
    <subfield code="g">Vol. 02, No. 25, May. 2001, p. 62-64</subfield>
    <subfield code="w">579670</subfield>
    <subfield code="x">0124-0595</subfield>
    <subfield code="0">144384</subfield>
  </datafield>
  <datafield tag="942" ind1=" " ind2=" ">
    <subfield code="c">ARIMP</subfield>
  </datafield>
  <datafield tag="999" ind1=" " ind2=" ">
    <subfield code="c">199972</subfield>
    <subfield code="d">199972</subfield>
  </datafield>
</record>
